Gojdics János püspökjelölt

Správa o tom, že po smrti grécklokatolíckeho biskupa Jána Váliho ako kandidát na obsadenie biskupského stolca v Prešove v roku 1913 sa javí Ján Gojdič.

Podrobná bibliografia
Médium: Článok
Jazyk:Hungarian
Témy:
Zdroj: 1. Felvidéki Hirlap 1. Roč. 6, č. 6 (09.02.1913) s. 2
LEADER 00933nab#a2200313#ar4500
001 000074150
003 SVKKK
005 20040707xxxxxxx.
008 06 c xo huno
FMT
038 |a SVKKK 
040 |a SVKKK  |b slo  |e AACR2 
041 0 |a hun 
044 |a xo  |c SK 
080 |a 281.94 
242 1 0 |a Ján Gojdič kandidát na biskupa 
245 0 0 |a Gojdics János püspökjelölt 
500 |a mikrofilm 
520 2 |a Správa o tom, že po smrti grécklokatolíckeho biskupa Jána Váliho ako kandidát na obsadenie biskupského stolca v Prešove v roku 1913 sa javí Ján Gojdič. 
650 0 4 |a Gojdič, Ján (kňaz gréckokatolícky) - kandidát na biskupa - Prešov - rok 1913 - správy 
773 0 |t Felvidéki Hirlap  |g Roč. 6, č. 6 (09.02.1913) s. 2 
957 |a Prešov 
958 |a CI 
958 |a DG 
958 |a SK 
974 |a Ba  |d 20040707 
992 |a RBX 
BAS
998 |a RETRO